MDQL
is popping MORE tags! Check the
thread
!
Quizzes
Events
Quiz Creation
Community
Videos
Private Events
Remove Ads
Sign In
Join for FREE
Feedback
Dark Mode
Quiz Categories
Sports
Geography
Music
Movies
Television
Just For Fun
Miscellaneous
History
Literature
Language
Science
Gaming
Entertainment
Religion
Holiday
For Kids
Quiz Lab
Recent
Popular Today
Quiz Kudos Today
Editor Picks
Curator Picks
Quizzes by...
Day
Popularity
Type
Ratings
Length
Year
Community
Subscriptions
Recent Discussions
Orange Saloon
Badges
Playlists
Quests
Create
Leaderboards
Showdown
Live 5
Trivia Bingo
Activity
Puzzle Library
Sporcle Events
Private Events
Virtual Trivia
Globe League
Become a Host
Pub Owners
SporcleCon
Opinionation
Our Games
Videos
Blog
Mobile Apps
Partnerships
Remove Ads and Go Orange
Feedback
History
US Presidents
World Leaders
Politics
Nation
Discovery
War
Decade
Year
Century
Biography
Art
History
US Presidents
World Leaders
Politics
Nation
Discovery
War
Decade
Year
Century
Biography
Art
Random Quiz
Search Sporcle
×
Quiz Lab
Quiz Lab
History
Moon
Type in answers that appear in a list
Type in answers that appear in a list
Classic
Best Score? Go Orange.
Fallen Astronaut Plaque Stats
Can you name the astronauts and cosmonauts memorialized on the Fallen Astronaut sculpture left on the moon by Apollo 15 in 1971?
By
ReticentRabbit
5m
14 Questions
42 Plays
42 Plays
42 Plays
Comments
Comments
Give Quiz Kudos
Give Quiz Kudos
-
- Ratings
hide this ad
Replay
Link that replays current quiz
Next Quiz
Link to next quiz in quiz playlist
You Got
0%
They Got
Avg Score
44%
Avg Friend Score
Upgrade to see
Score Distribution
Jump to the score distribution portion of the page
Score
0/14
Timer
05:00
0
Plays Today
Nationality
Name
% Correct
American
Virgil I. 'Gus' Grissom
90.5%
American
Roger B. Chaffee
78.6%
American
Edward H. White II
76.2%
American
Elliot M. See Jr.
50%
Soviet
Vladimir M. Komarov
50%
Soviet
Yuri A. Gagarin
50%
American
Charles A. Bassett II
40.5%
Nationality
Name
% Correct
American
Theodore C. Freeman
33.3%
American
Clifton C. Williams Jr.
31%
American
Edward G. Givens Jr.
28.6%
Soviet
Georgiy T. Dobrovolsky
26.2%
Soviet
Viktor I. Patsayev
23.8%
Soviet
Vladislav N. Volkov
23.8%
Soviet
Pavel I. Belyayev
19%
Quiz Playlist
Details
Report
Send in Message
Add To Playlist
Classic:
Type in answers that appear in a list
Quiz Source
Last Updated: Feb 16, 2017
Quiz Scoreboard
CHALLENGE
Sign Up to Join the Scoreboard
Show All
Scores
Hide
Comments
May contain spoilers
Recently Published
Two Season TV Shows II
by 123Four
Television
10m
Image Sorting: Flags VI
by Barbecue
Geography
2m
Find the 'City' Movie
by crazypaving
Movies
60s
More to Explore
Quiz From the Vault
Featured Blog Post
14 Easter Pick-up Lines to Find Eggs With
hide this ad
You Might Also Like...
Tags
1971
apollo
astronaut
cause
date
death
fallen
Moon
Nationality
Plaque
sculpture
Today's Top Quizzes in History
Browse History
hide this ad
Today's Top Quizzes in Moon
Browse Moon
Top Contributed Quizzes in History
1
I Am Born On March 29th
2
Order Up: 1000 Years of World Events I
3
US National Parks Named After People
4
Popular People in 1991
5
Popular People in 1951
6
Popular People in 1941
7
Popular People in 1981
8
Popular People in 1921
9
Popular People in 1986
10
Popular People in 1976
Explore More
Trending Topics
NBA
Crossword
Kpop
Harry Potter
Disney
Anime
Marvel
Song
Pokémon
WWE
The Office
Puzzle
Country
Soccer
NFL
hide this ad
More By:
ReticentRabbit
Quiz
Plays
Rating
Category
Featured
Created
Sunday Crossword: Nun-Sense
46,287
3.70
Miscellaneous
Oct 28, 2019
Sitcoms By Disastrous Wedding
45,371
3.94
Television
Oct 20, 2010
NBA and NCAA, Same Team Names
41,486
4.65
Sports
Oct 10, 2019
Original Sesame Street
28,920
4.44
Television
Nov 9, 2015
Brits Who Hit #1
24,179
4.75
Music
Mar 7, 2016
Go to Creator's Profile
Score Distribution
Quiz Creator Spotlight
ReticentRabbit
Follow
Send a Message
Quizzes Created
-
Created Quiz Play Count
-
More By This Creator
Popular Quizzes Today
1
Find the US States - No Outlines Minefield
2
Colored Red Africa Blitz
3
Find the 'City' Movie
4
5x2 Blitz: Bands
5
The Countries of the World
6
Find the Countries of Europe - No Outlines Minefield
7
Find the US States
8
US States
More History Quizzes
On This Day: May 14th
Published
Trending Quizzes
Colored Red Europe Blitz I
Colored Red Africa Blitz II
Colored Red Europe Blitz II
Colored Red Africa Blitz III
Colored Red Europe Blitz III
Recently Updated
How Do You Spell That?
pecheneg
Godzilla Movies
pecheneg
Grab Bag: 4-10 Letters
pecheneg
2024 March Madness Bracket
pecheneg
Famous TV Couples
Peacemaker
Champions League XIs: Real Madrid
pecheneg
Largest US Cities 1790-2010
pecheneg
Rides in Walt Disney World
pecheneg
Most Oscar Losses (Acting)
pecheneg
Beyoncé Albums
pecheneg
Trending Topics
Harry Potter
Crossword
Anime
Marvel
NBA
Disney
Kpop
WWE
NFL
Soccer
Puzzle
Country
Pokémon
Song
The Office
Your Account Isn't Verified!
In order to create a playlist on Sporcle, you need to verify the email address you used during registration. Go to your
Sporcle Settings
to finish the process.
Report this User
Report this user for behavior that violates our
Community Guidelines
.
Details:
Send Report
Go to the Sporcle.com Mobile Site →
Comments